| 000 | 01060naa a2200301 c 4500 | ||
|---|---|---|---|
| 001 | 26369 | ||
| 003 | ES-MaCES | ||
| 005 | 19981124120400.0 | ||
| 008 | 940113n1993 sp ||| | spa d | ||
| 035 | _aCES19980003025v | ||
| 040 |
_aES-MaCES _bspa _cES-MaCES |
||
| 100 | 1 |
_aMonereo Pérez, José Luis _918830 |
|
| 245 | 1 | 0 |
_aLímites subjetivos del derecho de huelga _b: algunas reflexiones críticas _cJosé Luis Monereo Pérez |
| 650 | 4 |
_adoctrina jurídica _930888 |
|
| 650 | 4 |
_alegislación del trabajo _927166 |
|
| 650 | 4 |
_aEspaña _926964 |
|
| 650 | 4 |
_afuerzas armadas _926689 |
|
| 650 | 4 |
_apersonal administrativo _930062 |
|
| 650 | 4 |
_aadministración de justicia _927204 |
|
| 650 | 4 |
_afuncionario _927224 |
|
| 650 | 4 |
_aderecho de huelga _929350 |
|
| 650 | 4 |
_ahuelga _928376 |
|
| 653 | 1 | 0 | _aRelaciones laborales-Empleo |
| 773 | 0 |
_tRelaciones laborales _gLas Rozas, Madrid. - Año 9, n. 13 (8 jul. 1993) ; p. 8-32 _w(ES-MaCES)25210 |
|
| 902 | _aART Artículo de revista | ||
| 942 |
_2CES _cAR _h2.0. |
||
| 999 |
_c26369 _d26369 |
||